| 000 | 00681nam a22002057a 4500 | ||
|---|---|---|---|
| 003 | NALT | ||
| 005 | 20220517095722.0 | ||
| 008 | th tha d | ||
| 040 | _aNALT | ||
| 041 | _atha | ||
| 090 | _aอศ ท249ร | ||
| 245 | 0 | 0 | _aทองคำ วิจิตรา : ร้อยคำของพ่อ. |
| 260 |
_aม.ป.ท. : _bม.ป.พ., _cม.ป.ป. |
||
| 300 |
_a146 หน้า : _bภาพประกอบ ; _c26 ซม. |
||
| 600 | 0 | 4 |
_958027 _aทองคำ วิจิตรา _xผลงาน |
| 850 | _aNALT | ||
| 856 | 4 | 0 | _uhttps://dl.parliament.go.th/handle/lirt/588400 |
| 942 |
_cCRE _2local |
||
| 998 |
_bSOPAPORN _cDAO _j1020 _k จำเรียง ระวังสำโรง |
||
| 999 |
_c23391 _d23391 |
||